[Event "2BLO 2223 FC Bayern München II - Erfur"]
[Site "?"]
[Date "2022.10.22"]
[Round "1.1"]
[White "Votava, Jan"]
[Black "Fedorovsky, Michael"]
[Result "1-0"]
[WhiteElo "2474"]
[BlackElo "2410"]
[PlyCount "135"]
[EventDate "2022.??.??"]

1. d4 Nf6 2. c4 e6 3. Nf3 d5 4. Nc3 c5 5. cxd5 cxd4 6. Nxd4 Nxd5 7. Bd2 Bc5 8. Nb3 Bb6 9. Nxd5 Qxd5 10. Bc3 Qxd1+ 11. Rxd1 f6 12. Na5 Nc6 13. Nxc6 bxc6 14. g4 h5 15. Bg2 Bd7 16. g5 fxg5 17. Bxg7 Ba5+ 18. Kf1 Rg8 19. Bf6 Bd8 20. Be5 Bb6 21. h4 g4 22. Be4 O-O-O 23. Kg2 Rdf8 24. Bg3 Bc7 25. Rc1 Bxg3 26. Kxg3 Kc7 27. Rc2 e5 28. Rc5 Rb8 29. b3 Rb5 30. Rxb5 cxb5 31. Rc1+ Kb6 32. b4 Rg7 33. Rc5 Re7 34. a3 a5 35. Rc1 axb4 36. axb4 Rg7 37. Rc5 Re7 38. Rc3 Rg7 39. Rc2 Re7 40. Rc5 Be8 41. Rc8 Re6 42. e3 Re7 43. Bd5 Bd7 44. Rf8 Be8 45. Rf6+ Kc7 46. Be4 Kd8 47. Bc6 Bxc6 48. Rxc6 Rf7 49. Rc5 Rf5 50. Kg2 Kd7 51. Rxb5 Kd6 52. Rb6+ Kd5 53. Rh6 Kc4 54. Rg6 e4 55. Rg5 Rf3 56. Rxh5 g3 57. fxg3 Kd3 58. Re5 Kxe3 59. h5 Rf2+ 60. Kh3 Rf8 61. Kh4 Kf3 62. h6 e3 63. Kh5 Rg8 64. g4 Kf4 65. h7 Rh8 66. Re7 e2 67. Kg6 Kxg4 68. Rxe2 1-0

[Event "2BLO 2223 FC Bayern München II - Erfur"]
[Site "?"]
[Date "2022.10.22"]
[Round "1.2"]
[White "Belezky, Alexander"]
[Black "Haba, Petr"]
[Result "1/2-1/2"]
[WhiteElo "2346"]
[BlackElo "2454"]
[PlyCount "40"]
[EventDate "2022.??.??"]

1. e4 e5 2. Nf3 Nc6 3. Bb5 Nf6 4. Nc3 Bb4 5. O-O O-O 6. d3 Bxc3 7. bxc3 d6 8. Bg5 Qe7 9. Qd2 h6 10. Bh4 Nd8 11. d4 Ne6 12. d5 Nf4 13. Be2 Ng6 14. Bg3 Bd7 15. Rfb1 b6 16. h3 c6 17. c4 Rfc8 18. Rb4 Rc7 19. Bd3 Rac8 20. Re1 c5 1/2-1/2

[Event "2BLO 2223 FC Bayern München II - Erfur"]
[Site "?"]
[Date "2022.10.22"]
[Round "1.3"]
[White "Weishaeutel, Moritz"]
[Black "Zajogin, Alexander"]
[Result "1-0"]
[WhiteElo "2401"]
[BlackElo "2409"]
[PlyCount "117"]
[EventDate "2022.??.??"]

1. e4 e5 2. Nf3 Nc6 3. Bc4 Bc5 4. O-O Nf6 5. d4 Nxd4 6. Nxe5 O-O 7. Be3 Ne6 8. Bxe6 Bxe3 9. Bxf7+ Kh8 10. Bb3 Bb6 11. Nf7+ Rxf7 12. Bxf7 Nxe4 13. Bb3 Qg5 14. Qf3 Nf6 15. Nc3 d6 16. Ne4 Qg4 17. Qxg4 Nxg4 18. h3 Ne5 19. Kh2 Bf5 20. Rae1 Ba5 21. Re3 Rf8 22. Ng3 Bd2 23. Nxf5 Rxf5 24. Re2 Bh6 25. g3 g5 26. Kg2 Rf8 27. Re4 b6 28. h4 g4 29. Be6 Bg7 30. h5 c6 31. h6 Bxh6 32. Bxg4 Bg7 33. Be2 d5 34. Re3 c5 35. Rh1 Nc6 36. c3 d4 37. Re6 Nd8 38. Re7 a5 39. Bd3 h6 40. cxd4 Nc6 41. Re6 Nb4 42. Bb1 cxd4 43. Rxb6 d3 44. a3 Nc2 45. Rd6 Re8 46. Rxd3 Ne1+ 47. Rxe1 Rxe1 48. Rd8+ Bf8 49. Rxf8+ Kg7 50. Ra8 Rxb1 51. Rxa5 Rxb2 52. Ra8 Ra2 53. a4 Kg6 54. a5 Kg7 55. a6 Kg6 56. a7 Kh5 57. Kh3 Ra3 58. f3 Rxf3 59. Rb8 1-0

[Event "2BLO 2223 FC Bayern München II - Erfur"]
[Site "?"]
[Date "2022.10.22"]
[Round "1.4"]
[White "Unzicker, Ferdinand"]
[Black "Enders, Peter"]
[Result "1/2-1/2"]
[WhiteElo "2325"]
[BlackElo "2424"]
[PlyCount "93"]
[EventDate "2022.??.??"]

1. d4 Nf6 2. c4 g6 3. Nc3 Bg7 4. e4 d6 5. f3 O-O 6. Be3 c6 7. Qd2 e5 8. d5 cxd5 9. cxd5 a6 10. O-O-O Nbd7 11. g4 Nc5 12. Nge2 Bd7 13. Kb1 Rc8 14. Ng3 Na4 15. Nxa4 Bxa4 16. Rc1 Rxc1+ 17. Qxc1 Qd7 18. Bd3 Rc8 19. Qf1 Ne8 20. b3 Bb5 21. Bxb5 axb5 22. Qd3 Bf6 23. Ne2 Bd8 24. Rc1 Rxc1+ 25. Kxc1 Ba5 26. a3 b4 27. a4 Nc7 28. Qc4 f5 29. exf5 gxf5 30. Ng3 fxg4 31. fxg4 Ne8 32. Ne4 Qxg4 33. Qb5 Qc8+ 34. Kd2 Bc7 35. Qxb4 Qd7 36. Qc4 Bd8 37. Kc2 Kg7 38. Bd2 Nf6 39. Nxf6 Bxf6 40. Qe4 Qh3 41. a5 h5 42. b4 Qxh2 43. Qf5 Qe2 44. Qd7+ Kg6 45. Qe8+ Kg7 46. Qd7+ Kg6 47. Qe8+ 1/2-1/2

[Event "2BLO 2223 FC Bayern München II - Erfur"]
[Site "?"]
[Date "2022.10.22"]
[Round "1.5"]
[White "Troyke, Christian"]
[Black "Hoeglauer, Patrick"]
[Result "0-1"]
[WhiteElo "2312"]
[BlackElo "2263"]
[PlyCount "158"]
[EventDate "2022.??.??"]

1. g3 d5 2. Bg2 c6 3. c4 Nf6 4. Nf3 Bf5 5. b3 Nbd7 6. Bb2 e6 7. O-O h6 8. d3 Be7 9. Nbd2 O-O 10. a3 a5 11. Qc2 Bh7 12. Bc3 Re8 13. b4 axb4 14. axb4 dxc4 15. Nxc4 Nd5 16. Rxa8 Qxa8 17. Ra1 Qb8 18. Rb1 Nxc3 19. Qxc3 Bf6 20. Qa3 Qa8 21. Qa5 b5 22. Qxa8 Rxa8 23. Na5 Ra6 24. Nd2 Be7 25. Ndb3 Bxb4 26. Nxc6 Bc3 27. Bf3 b4 28. Nca5 Kf8 29. Bb7 Ra7 30. Bc6 Bf5 31. Bf3 e5 32. Nc4 Be6 33. Bc6 Ra2 34. Bf3 f5 35. e4 fxe4 36. Bxe4 Nf6 37. Bg2 Bf5 38. Bf1 e4 39. Ne3 Bg6 40. d4 Bf7 41. Bc4 Bxc4 42. Nxc4 Ke7 43. Ne3 g6 44. h3 Kd6 45. d5 Nd7 46. Kf1 Ne5 47. Nc1 Ra7 48. Nb3 Nd3 49. Nc1 Nxc1 50. Rxc1 Ra1 51. Rxa1 Bxa1 52. Ke2 Bd4 53. Nc4+ Kxd5 54. Nd2 Bb6 55. Nb3 Kc4 56. Nd2+ Kd4 57. Nb3+ Kc3 58. Nd2 Kc2 59. Nxe4 b3 60. Nd2 b2 61. Nc4 Bc5 62. Nxb2 Kxb2 63. f4 Kc3 64. h4 Kd4 65. Kf3 Be7 66. Kg4 Ke4 67. h5 g5 68. fxg5 Bxg5 69. Kh3 Kf3 70. Kh2 Kf2 71. Kh1 Be3 72. Kh2 Kf3 73. Kh1 Kg4 74. Kg2 Bd4 75. Kh2 Kf3 76. Kh1 Kf2 77. Kh2 Kf1 78. Kh1 Bg1 79. g4 Kf2 0-1

[Event "2BLO 2223 FC Bayern München II - Erfur"]
[Site "?"]
[Date "2022.10.22"]
[Round "1.6"]
[White "Rodewis, Thomas"]
[Black "Voekler, Bernd"]
[Result "1-0"]
[WhiteElo "2352"]
[BlackElo "2343"]
[PlyCount "131"]
[EventDate "2022.??.??"]

1. d4 Nf6 2. c4 g6 3. Nc3 Bg7 4. e4 d6 5. f3 O-O 6. Nge2 Re8 7. Be3 e5 8. d5 a5 9. Qd2 Na6 10. O-O-O Nc5 11. Kb1 h5 12. h3 Nh7 13. g4 h4 14. Rg1 Bf8 15. Nc1 g5 16. Nd3 b6 17. b3 Be7 18. Nf2 Bd7 19. Be2 Nf8 20. Kc2 Ng6 21. Ra1 Bf6 22. Rgb1 Nf4 23. Bf1 Qe7 24. Kd1 Red8 25. Ke1 Qe8 26. Be2 Ng2+ 27. Kf1 Nxe3+ 28. Qxe3 Qe7 29. Bd1 Ra6 30. a3 Rda8 31. Qc1 Qe8 32. b4 Nb7 33. Nd3 Be7 34. Be2 axb4 35. axb4 Rxa1 36. Rxa1 Rxa1 37. Qxa1 Qb8 38. Qa6 Nd8 39. Bd1 Qb7 40. Qxb7 Nxb7 41. Ba4 Bxa4 42. Nxa4 f6 43. Nc3 Kf7 44. Nb5 Bd8 45. Na7 Be7 46. Ke2 Ke8 47. Kd1 Nd8 48. Kc2 Kd7 49. Kb3 Nf7 50. Ka4 Nh8 51. Kb5 Nf7 52. Nc6 Bf8 53. Ka6 Kc8 54. Ka7 Nh8 55. Ka8 Ng6 56. Na7+ Kd7 57. Kb7 Be7 58. Nc6 Bd8 59. c5 bxc5 60. bxc5 dxc5 61. Nxc5+ Kd6 62. Ne6 Be7 63. Kc8 Bf8 64. Kd8 Bh6 65. Na7 c5 66. Nb5# 1-0

[Event "2BLO 2223 FC Bayern München II - Erfur"]
[Site "?"]
[Date "2022.10.22"]
[Round "1.7"]
[White "Casper, Thomas"]
[Black "Mai, Philipp"]
[Result "1/2-1/2"]
[WhiteElo "2349"]
[BlackElo "2307"]
[PlyCount "33"]
[EventDate "2022.??.??"]

1. e4 c5 2. Nf3 d6 3. c3 Nf6 4. h3 e5 5. Bb5+ Nbd7 6. d3 Be7 7. O-O a6 8. Ba4 O-O 9. Re1 b5 10. Bc2 Bb7 11. Nbd2 Re8 12. Nf1 Bf8 13. Ng3 Qc7 14. Nh2 d5 15. Ng4 dxe4 16. Nxf6+ Nxf6 17. dxe4 1/2-1/2

[Event "2BLO 2223 FC Bayern München II - Erfur"]
[Site "?"]
[Date "2022.10.22"]
[Round "1.8"]
[White "Schenk, Andreas"]
[Black "Krueger, Rainer"]
[Result "1-0"]
[WhiteElo "2413"]
[BlackElo "2154"]
[PlyCount "63"]
[EventDate "2022.??.??"]

1. d4 Nf6 2. c4 g6 3. Nc3 d5 4. cxd5 Nxd5 5. e4 Nxc3 6. bxc3 c5 7. Nf3 Bg7 8. Bb5+ Bd7 9. Be2 O-O 10. Rb1 Qc7 11. O-O Bg4 12. Bg5 Nc6 13. d5 Na5 14. Qc1 Bxf3 15. Bxf3 e5 16. dxe6 fxe6 17. Bg4 Rae8 18. f4 h6 19. Bh4 h5 20. Be2 Bh6 21. e5 Kg7 22. Bf6+ Kh7 23. Qc2 Rxf6 24. exf6 Bxf4 25. Bxh5 Rf8 26. g3 Be3+ 27. Kh1 Qf7 28. Rf3 Nc4 29. Qe4 b5 30. Bg4 Nd2 31. Qxe3 Nxb1 32. Bxe6 1-0

[Event "2BLO 2223 MSA Zugzwang - SC NT Nürnber"]
[Site "?"]
[Date "2022.10.22"]
[Round "1.1"]
[White "Milov, Leonid"]
[Black "Bromberger, Stefan"]
[Result "1/2-1/2"]
[WhiteElo "2433"]
[BlackElo "2479"]
[PlyCount "87"]
[EventDate "2022.??.??"]

1. e4 c5 2. Nf3 d6 3. d4 cxd4 4. Nxd4 Nf6 5. Nc3 a6 6. Be3 e6 7. Be2 Qc7 8. Qd2 b5 9. a3 Bb7 10. f3 Nc6 11. g4 Be7 12. g5 Nd7 13. h4 b4 14. axb4 Nxb4 15. h5 Nc5 16. Na4 d5 17. Nxc5 Bxc5 18. c3 Nc6 19. exd5 Nxd4 20. Bxd4 Bxd5 21. Kf2 O-O 22. Bxc5 Qxc5+ 23. Qe3 Qxe3+ 24. Kxe3 a5 25. b4 axb4 26. cxb4 h6 27. gxh6 gxh6 28. Rhg1+ Kh8 29. b5 Rxa1 30. Rxa1 Kg7 31. Kd4 Kf6 32. Bd3 Rb8 33. f4 Ke7 34. Ra7+ Kd6 35. Rxf7 Ra8 36. Rf6 Ra4+ 37. Ke3 Ra3 38. Kd4 Ra4+ 39. Kc3 Ra3+ 40. Kd2 Ra2+ 41. Ke3 Ra3 42. Ke2 Ra2+ 43. Ke1 Kc5 44. Rg6 1/2-1/2

[Event "2BLO 2223 MSA Zugzwang - SC NT Nürnber"]
[Site "?"]
[Date "2022.10.22"]
[Round "1.2"]
[White "Shengelia, David"]
[Black "Yelisieiev, Yevhenii"]
[Result "1-0"]
[WhiteElo "2460"]
[BlackElo "2398"]
[PlyCount "111"]
[EventDate "2022.??.??"]

1. d4 d5 2. Nf3 Nf6 3. c4 e6 4. e3 c6 5. Bd3 Bd6 6. O-O Nbd7 7. Nbd2 O-O 8. e4 dxe4 9. Nxe4 Nxe4 10. Bxe4 h6 11. b3 e5 12. Bc2 Re8 13. Re1 Bb4 14. Qd3 f5 15. Rxe5 Nxe5 16. Nxe5 c5 17. Bb2 cxd4 18. Bxd4 Qd6 19. Qe3 Bc5 20. Bxc5 Qxe5 21. Rd1 Qxe3 22. fxe3 b6 23. Bd4 f4 24. exf4 Re2 25. Bd3 Rxa2 26. Be4 Bg4 27. Bd5+ Kh7 28. Re1 Rd8 29. Re7 Rd7 30. Re8 Kg6 31. h3 Re2 32. Be3 Bf5 33. g4 Bd3 34. f5+ Kf6 35. h4 Rxd5 36. cxd5 Kf7 37. Re5 Kf6 38. Re6+ Kf7 39. d6 Bb5 40. Re7+ Kg8 41. g5 hxg5 42. hxg5 Kf8 43. g6 Re1+ 44. Kh2 Rf1 45. Rf7+ Ke8 46. Bd4 Rd1 47. Be5 Bd7 48. Rxg7 Bxf5 49. Re7+ Kd8 50. g7 Bh7 51. Rxa7 Rd5 52. Bf4 Rd4 53. Kg3 b5 54. Ra8+ Kd7 55. Rh8 Rd3+ 56. Kg4 1-0

[Event "2BLO 2223 MSA Zugzwang - SC NT Nürnber"]
[Site "?"]
[Date "2022.10.22"]
[Round "1.3"]
[White "Kirchner, Thomas"]
[Black "Baidetskyi, Valentin"]
[Result "1/2-1/2"]
[WhiteElo "2318"]
[BlackElo "2456"]
[PlyCount "123"]
[EventDate "2022.??.??"]

1. e4 c6 2. d4 d5 3. exd5 cxd5 4. c4 Nf6 5. Nc3 e6 6. Nf3 Bb4 7. Bd3 dxc4 8. Bxc4 O-O 9. O-O b6 10. Bg5 Bb7 11. Qe2 h6 12. Bh4 Bxc3 13. bxc3 Nbd7 14. Rac1 Qc7 15. Bg3 Qc6 16. Ba6 Rac8 17. Bxb7 Qxb7 18. c4 Rc6 19. Rc2 Rfc8 20. Rfc1 Qa6 21. h3 Qa4 22. Bf4 Nd5 23. Bd2 b5 24. c5 Rb8 25. Rb2 a6 26. Rcb1 Re8 27. Rc1 e5 28. Nxe5 Nxe5 29. dxe5 Qd4 30. Rbc2 Rxe5 31. Qf3 Qe4 32. Qxe4 Rxe4 33. f3 Re8 34. Kf2 f6 35. Rd1 Nc7 36. Be3 Ne6 37. f4 Rec8 38. Rd5 b4 39. f5 Nc7 40. Rd7 Nb5 41. Rcd2 Nc3 42. Kf3 R6c7 43. R7d6 a5 44. Ra6 Na4 45. Rxa5 Nxc5 46. Rb5 Nd7 47. Rxb4 Ne5+ 48. Kf2 Rc2 49. Rbd4 Rxd2+ 50. Rxd2 Ra8 51. Bc5 Ra4 52. g3 h5 53. Kg2 Kh7 54. Bf2 g6 55. fxg6+ Kxg6 56. Bd4 Nc6 57. Bc3 Ra3 58. Rc2 Ra4 59. Rf2 Ne5 60. Re2 Kf5 61. Rf2+ Kg6 62. Kh2 1/2-1/2

[Event "2BLO 2223 MSA Zugzwang - SC NT Nürnber"]
[Site "?"]
[Date "2022.10.22"]
[Round "1.5"]
[White "Kochiev, Ivan"]
[Black "Hertneck, Gerald"]
[Result "0-1"]
[WhiteElo "2030"]
[BlackElo "2465"]
[PlyCount "66"]
[EventDate "2022.??.??"]

1. e4 e6 2. d4 d5 3. Nd2 Nd7 4. c3 Ne7 5. Ngf3 g6 6. Bd3 Bg7 7. O-O O-O 8. Bc2 c5 9. exd5 Nxd5 10. dxc5 Nxc5 11. Nb3 b6 12. Nxc5 bxc5 13. Qe2 Qb6 14. Rd1 Ba6 15. Bd3 Bxd3 16. Rxd3 c4 17. Rd1 Rfc8 18. Be3 Nxe3 19. fxe3 Bh6 20. Kf2 Rc5 21. Rac1 Rd5 22. Rd4 Rc8 23. Rc2 Ra5 24. a3 Rb5 25. Rcd2 e5 26. Rd6 Qb8 27. R6d5 Rxd5 28. Rxd5 e4 29. Ne5 Bg7 30. Nxc4 Qb3 31. Nd6 Qxd5 32. Nxc8 Qf5+ 33. Ke1 Qxc8 0-1

[Event "2BLO 2223 MSA Zugzwang - SC NT Nürnber"]
[Site "?"]
[Date "2022.10.22"]
[Round "1.6"]
[White "Zysk, Robert"]
[Black "Heimrath, Reiner"]
[Result "1-0"]
[WhiteElo "2400"]
[BlackElo "2187"]
[PlyCount "141"]
[EventDate "2022.??.??"]

1. Nf3 b6 2. d4 Bb7 3. c4 e6 4. Nc3 Bb4 5. Qb3 a5 6. a3 Bxc3+ 7. Qxc3 d6 8. g3 Nd7 9. b3 Ngf6 10. Bg2 O-O 11. O-O Re8 12. Bb2 Qb8 13. Rfd1 Be4 14. Bh3 b5 15. Nd2 Bg6 16. Bg2 Ra7 17. a4 b4 18. Qc1 c5 19. e4 e5 20. d5 Nh5 21. Nf1 f5 22. exf5 Bxf5 23. Ne3 Bg6 24. Rf1 Qd8 25. Qd1 Nhf6 26. f3 h6 27. Qd2 Nf8 28. Rae1 N8h7 29. Re2 Qc8 30. h4 Rf8 31. Kh2 Be8 32. Qc2 Raf7 33. Bh3 Bd7 34. Bxd7 Nxd7 35. Kg2 Qd8 36. Qg6 Rf6 37. Qg4 Qe8 38. Ref2 Rg6 39. Qh3 Kh8 40. Kh2 Nhf6 41. g4 Ng8 42. Ng2 Qe7 43. f4 Rgf6 44. f5 g6 45. Ne3 gxf5 46. Nxf5 Qh7 47. g5 R6f7 48. Rf3 Qg6 49. h5 Qxg5 50. Bc1 Qd8 51. Nxd6 Rxf3 52. Rxf3 Rxf3 53. Qxf3 Qh4+ 54. Kg2 Qe7 55. Nf5 Qf6 56. Qh3 Kh7 57. Nxh6 Nxh6 58. Qxd7+ Nf7 59. Qe6 Qg7+ 60. Kf3 Nh8 61. Qf5+ Kg8 62. Qg5 Nf7 63. Qxg7+ Kxg7 64. Be3 Nd6 65. Bxc5 Nf5 66. Ke4 Kf6 67. d6 Ng7 68. h6 Ne6 69. Be3 Nf8 70. Kd5 Kf5 71. c5 1-0

[Event "2BLO 2223 MSA Zugzwang - SC NT Nürnber"]
[Site "?"]
[Date "2022.10.22"]
[Round "1.7"]
[White "Braun, Michael"]
[Black "Hoffmeyer, Falk"]
[Result "1/2-1/2"]
[WhiteElo "2083"]
[BlackElo "2325"]
[PlyCount "54"]
[EventDate "2022.??.??"]

1. d4 d5 2. c4 e6 3. g3 Nf6 4. Bg2 Be7 5. Nf3 O-O 6. O-O c6 7. Nc3 b6 8. Qd3 dxc4 9. Qxc4 Ba6 10. Qa4 b5 11. Qc2 Nbd7 12. Rd1 Rc8 13. Bf4 Nd5 14. Nxd5 cxd5 15. Qd2 b4 16. Rdc1 Qb6 17. Ne5 Nxe5 18. Bxe5 h6 19. h4 Rfd8 20. Bf3 f6 21. Bf4 Rc4 22. Be3 Rdc8 23. Rxc4 Rxc4 24. Rc1 Qc6 25. Rxc4 Qxc4 26. b3 Qc6 27. Qc1 Qxc1+ 1/2-1/2

[Event "2BLO 2223 MSA Zugzwang - SC NT Nürnber"]
[Site "?"]
[Date "2022.10.22"]
[Round "1.8"]
[White "Gerigk, Erasmus"]
[Black "Krauss, Hermann"]
[Result "1-0"]
[WhiteElo "2318"]
[BlackElo "2120"]
[PlyCount "85"]
[EventDate "2022.??.??"]

1. e4 e6 2. d4 d5 3. Nd2 dxe4 4. Nxe4 Nd7 5. Nf3 Ngf6 6. Bd3 Nxe4 7. Bxe4 Nf6 8. Bg5 Be7 9. Bxf6 Bxf6 10. Qd3 c6 11. O-O-O Bd7 12. Kb1 Qa5 13. Ne5 Bxe5 14. dxe5 O-O-O 15. Qg3 g6 16. Qf4 Be8 17. Qf6 Rg8 18. a3 Qc7 19. h4 h5 20. Kc1 b5 21. Rhe1 Qa5 22. c3 Qb6 23. Kc2 Qa5 24. Kc1 Qb6 25. b4 a5 26. Kc2 Qc7 27. Kb3 a4+ 28. Kc2 Qb6 29. Qf3 Kb7 30. g3 Qc7 31. Rxd8 Qxd8 32. Rd1 Qc7 33. Rd6 f5 34. Bd3 Kb8 35. Qe3 Bd7 36. Qd4 Rg7 37. Be2 Re7 38. Kd2 Be8 39. Ke3 Rd7 40. Kf4 Rxd6 41. Qxd6 Kc8 42. Qxc7+ Kxc7 43. Kg5 1-0

[Event "2BLO 2223 SK Goeggingen - SG Leipzig "]
[Site "Augsburg"]
[Date "2022.10.22"]
[Round "1.1"]
[White "Richter, Leonard"]
[Black "Postny, Evgeny"]
[Result "0-1"]
[WhiteElo "2261"]
[BlackElo "2573"]
[PlyCount "128"]
[EventDate "2022.??.??"]

1. e4 e5 2. Nf3 Nc6 3. Nc3 Nf6 4. Bb5 Bd6 5. a3 O-O 6. d3 Nd4 7. Nxd4 exd4 8. Ne2 c6 9. Bc4 Bc7 10. O-O d5 11. exd5 Nxd5 12. Nxd4 Nb6 13. Be3 Nxc4 14. dxc4 Qh4 15. h3 Bxh3 16. gxh3 Qxh3 17. Re1 Bh2+ 18. Kh1 Be5+ 19. Kg1 Rad8 20. c5 Rd5 21. Qf3 Qh2+ 22. Kf1 Bxd4 23. c4 Rdd8 24. Bg5 f6 25. Bf4 Qh4 26. Bd6 Rfe8 27. Rxe8+ Rxe8 28. Re1 Rxe1+ 29. Kxe1 Qg5 30. Kf1 Qc1+ 31. Kg2 Qxc4 32. Qg4 Qd5+ 33. Kf1 f5 34. Qh5 h6 35. b4 Kh7 36. Qh3 Qe4 37. Qg3 g5 38. Qb3 Kg7 39. b5 f4 40. bxc6 bxc6 41. Qb8 f3 42. Bg3 Bxc5 43. Kg1 Bd4 44. Kh2 h5 45. Qc7+ Kg6 46. Qd8 h4 47. Qg8+ Kh6 48. Bd6 Be5+ 49. Bxe5 Qxe5+ 50. Kh3 Qf5+ 51. Kh2 Qf4+ 52. Kh1 Qf6 53. a4 c5 54. a5 c4 55. Qxc4 Qa1+ 56. Kh2 Qe5+ 57. Kh3 Qf5+ 58. Kh2 Qf4+ 59. Qxf4 gxf4 60. Kh3 Kg5 61. a6 Kh5 62. Kh2 Kg4 63. Kg1 Kf5 64. Kh2 Ke4 0-1

[Event "2BLO 2223 SK Goeggingen - SG Leipzig "]
[Site "Augsburg"]
[Date "2022.10.22"]
[Round "1.2"]
[White "Braeuer, Franz"]
[Black "Nguyen, Alex Dac-Vuong"]
[Result "1-0"]
[WhiteElo "2443"]
[BlackElo "2311"]
[PlyCount "41"]
[EventDate "2022.??.??"]

1. e4 c5 2. Nf3 d6 3. d4 cxd4 4. Nxd4 Nf6 5. Nc3 a6 6. Bd3 e6 7. O-O b5 8. a4 b4 9. Na2 Bb7 10. Re1 d5 11. e5 Ne4 12. f3 Qb6 13. Be3 Nc5 14. c3 Nxd3 15. Qxd3 Nd7 16. cxb4 Nxe5 17. Qe2 Nc4 18. Bf2 Qd8 19. Nxe6 Qe7 20. Nc7+ Kd7 21. Qc2 1-0

[Event "2BLO 2223 SK Goeggingen - SG Leipzig "]
[Site "Augsburg"]
[Date "2022.10.22"]
[Round "1.3"]
[White "Natsidis, Christoph"]
[Black "Nestorovic, Nikola"]
[Result "0-1"]
[WhiteElo "2308"]
[BlackElo "2465"]
[PlyCount "46"]
[EventDate "2022.??.??"]

1. d4 Nf6 2. c4 g6 3. Nf3 Bg7 4. g3 O-O 5. Bg2 d6 6. O-O Nc6 7. Nc3 e5 8. h3 h6 9. Be3 Re8 10. dxe5 dxe5 11. Qc1 e4 12. Rd1 Qe7 13. Nd4 Nxd4 14. Bxd4 c6 15. Qe3 h5 16. Bxa7 Qb4 17. Bd4 Bf5 18. b3 Qe7 19. Na4 b5 20. Nb6 Rad8 21. cxb5 cxb5 22. Rac1 Qe6 23. Qc3 Rd6 0-1

[Event "2BLO 2223 SK Goeggingen - SG Leipzig "]
[Site "Augsburg"]
[Date "2022.10.22"]
[Round "1.4"]
[White "Rozentalis, Eduardas"]
[Black "Heistermann, Till"]
[Result "1-0"]
[WhiteElo "2500"]
[BlackElo "2194"]
[PlyCount "133"]
[EventDate "2022.??.??"]

1. e4 d6 2. d4 e5 3. dxe5 dxe5 4. Qxd8+ Kxd8 5. Bc4 f6 6. Be3 Nd7 7. Nc3 c6 8. O-O-O Kc7 9. f4 Nh6 10. h3 b5 11. Bb3 Bd6 12. fxe5 Nxe5 13. Nf3 Ng6 14. Nd4 Rb8 15. Rhf1 Be5 16. g4 a5 17. a4 b4 18. Nce2 Re8 19. Nf5 Nxf5 20. gxf5 Nf8 21. Ng3 g5 22. Nh5 Ba6 23. Rfe1 Red8 24. Ng7 Rxd1+ 25. Rxd1 Be2 26. Rd2 Bf3 27. Ne6+ Nxe6 28. fxe6 Bd6 29. Rf2 Bxe4 30. Rxf6 Bg6 31. Bxg5 Rf8 32. Rxf8 Bxf8 33. e7 Bg7 34. Be6 Be8 35. Bf4+ Kb6 36. Bd6 Bh6+ 37. Kd1 Be3 38. Bf5 h5 39. c3 Bc5 40. Bxc5+ Kxc5 41. cxb4+ Kxb4 42. Bc2 Kc5 43. h4 Kd6 44. b4 Kxe7 45. bxa5 Kd6 46. Kd2 c5 47. Kc3 Bf7 48. Bd3 Kc7 49. Bc4 Be8 50. Be2 Bf7 51. Ba6 Kd6 52. Bc4 Be8 53. Bb5 Bf7 54. a6 Kc7 55. Bc4 Be8 56. a5 Kb8 57. Kd3 Ka7 58. Ke4 Bd7 59. Kd5 Bc8 60. Be2 c4 61. Bxc4 Bg4 62. Ke4 Bd7 63. Be2 Bc8 64. Kf4 Bd7 65. Bxh5 Bb5 66. Bg4 Kxa6 67. h5 1-0

[Event "2BLO 2223 SK Goeggingen - SG Leipzig "]
[Site "Augsburg"]
[Date "2022.10.22"]
[Round "1.5"]
[White "Roesemann, Rainer"]
[Black "Stankovic, Milos"]
[Result "0-1"]
[WhiteElo "2279"]
[BlackElo "2423"]
[PlyCount "76"]
[EventDate "2022.??.??"]

1. c4 e6 2. g3 Nf6 3. Bg2 d5 4. Nf3 Be7 5. O-O O-O 6. b3 c5 7. Bb2 d4 8. e3 Nc6 9. exd4 cxd4 10. Re1 Ng4 11. d3 f6 12. Na3 e5 13. Nc2 Rb8 14. Qe2 Bd6 15. Nh4 f5 16. Bh3 Qg5 17. Ba3 Bxa3 18. Nxa3 f4 19. Bg2 Bd7 20. Nf3 Qh5 21. h3 fxg3 22. fxg3 Ne3 23. Nxd4 Qxe2 24. Nxe2 Nb4 25. Rec1 Nxg2 26. Kxg2 Nxd3 27. Rf1 Bc6+ 28. Kg1 Bf3 29. Nc3 Rbd8 30. Nc2 g5 31. Ne1 Nxe1 32. Raxe1 Rd2 33. Rf2 Rxf2 34. Kxf2 Bc6+ 35. Kg1 Rf3 36. Ne4 Kf7 37. Kg2 Rc3 38. Re2 Rc2 0-1

[Event "2BLO 2223 SK Goeggingen - SG Leipzig "]
[Site "Augsburg"]
[Date "2022.10.22"]
[Round "1.6"]
[White "Schmittdiel, Eckhard"]
[Black "Kalkhof, Stefan"]
[Result "1/2-1/2"]
[WhiteElo "2395"]
[BlackElo "2222"]
[PlyCount "32"]
[EventDate "2022.??.??"]

1. Nf3 d6 2. d4 f5 3. Bg5 g6 4. Nc3 h6 5. Bd2 Nf6 6. g3 Bg7 7. Bg2 O-O 8. O-O Nc6 9. d5 Ne5 10. Nd4 Bd7 11. Bf4 c6 12. Bxe5 dxe5 13. Nb3 e4 14. dxc6 Bxc6 15. Qxd8 Raxd8 16. Rfd1 Ng4 1/2-1/2

[Event "2BLO 2223 SK Goeggingen - SG Leipzig "]
[Site "Augsburg"]
[Date "2022.10.22"]
[Round "1.7"]
[White "Haufe, Laurin"]
[Black "Kukov, Velislav"]
[Result "0-1"]
[WhiteElo "2141"]
[BlackElo "2335"]
[PlyCount "72"]
[EventDate "2022.??.??"]

1. e4 c6 2. d4 d5 3. Nd2 dxe4 4. Nxe4 Nf6 5. Nxf6+ exf6 6. c3 Bd6 7. Bd3 O-O 8. Qc2 Re8+ 9. Ne2 h5 10. O-O h4 11. h3 Nd7 12. Bd2 Nf8 13. Rae1 Be7 14. f4 g6 15. Kh1 f5 16. Qc1 Ne6 17. Ng1 c5 18. Nf3 b6 19. Bb5 Bd7 20. Bxd7 Qxd7 21. Be3 cxd4 22. cxd4 Qd5 23. b3 Bd6 24. Nxh4 Rac8 25. Qb2 Nxf4 26. Bxf4 Rxe1 27. Rxe1 Bxf4 28. Nf3 Kg7 29. Ne5 Bg3 30. Rf1 Qe4 31. Nc4 Rh8 32. d5+ f6 33. Rd1 b5 34. d6 bxc4 35. Kg1 Qe3+ 36. Kf1 c3 0-1

[Event "2BLO 2223 SK Goeggingen - SG Leipzig "]
[Site "Augsburg"]
[Date "2022.10.22"]
[Round "1.8"]
[White "Fauth, Dietmar"]
[Black "Rausch, Stephan"]
[Result "1-0"]
[WhiteElo "2145"]
[BlackElo "2259"]
[PlyCount "73"]
[EventDate "2022.??.??"]

1. e4 e6 2. d4 d5 3. Nc3 dxe4 4. Nxe4 Bd7 5. c4 Bc6 6. Nc3 Nf6 7. Be3 b6 8. Nf3 Nbd7 9. Qc2 Bb4 10. Bd3 Bb7 11. O-O-O c6 12. Ne5 Bxc3 13. Qxc3 Qc7 14. f3 Nxe5 15. dxe5 Nd7 16. Bf4 O-O-O 17. Bc2 h6 18. Rd6 c5 19. Rhd1 Nb8 20. Qa3 Nc6 21. Be4 Nd4 22. Bxb7+ Qxb7 23. Qd3 Qc7 24. Qe4 Qb7 25. Qd3 Rxd6 26. exd6 f6 27. Be3 e5 28. Bxd4 cxd4 29. f4 Re8 30. fxe5 fxe5 31. Qg6 Qd7 32. Rf1 Re6 33. Qe4 Qxd6 34. Qa8+ Kd7 35. Qxa7+ Kc6 36. Rf7 Rf6 37. Qa4+ 1-0

[Event "2BLO 2223 SC Garching - Nickelhuette Au"]
[Site "Augsburg"]
[Date "2022.10.22"]
[Round "1.1"]
[White "Antal, Gergely"]
[Black "Krivoborodov, Egor"]
[Result "1/2-1/2"]
[WhiteElo "2571"]
[BlackElo "2523"]
[PlyCount "39"]
[EventDate "2022.??.??"]

1. e4 c5 2. Nf3 Nc6 3. d4 cxd4 4. Nxd4 g6 5. c4 Bg7 6. Be3 Qb6 7. Nb3 Qd8 8. Nc3 Bxc3+ 9. bxc3 Nf6 10. f3 d6 11. Be2 O-O 12. O-O Qc7 13. c5 d5 14. exd5 Qe5 15. Bd2 Nxd5 16. f4 Qe4 17. Bf3 Qc4 18. Be2 Qe4 19. Bf3 Qc4 20. Be2 1/2-1/2

[Event "2BLO 2223 SC Garching - Nickelhuette Au"]
[Site "Augsburg"]
[Date "2022.10.22"]
[Round "1.2"]
[White "Vykouk, Jan"]
[Black "Gonda, Laszlo"]
[Result "1-0"]
[WhiteElo "2475"]
[BlackElo "2511"]
[PlyCount "69"]
[EventDate "2022.??.??"]

1. e4 e5 2. Nf3 Nc6 3. Bc4 Bc5 4. d3 Nf6 5. Nbd2 O-O 6. O-O a6 7. c3 d6 8. Bb3 Ba7 9. Re1 Ng4 10. Re2 Kh8 11. h3 Nh6 12. Nf1 f5 13. d4 fxe4 14. Rxe4 Bf5 15. Re1 Qf6 16. Ng3 Rae8 17. Bg5 Qg6 18. Qd2 Nf7 19. Be3 Qf6 20. Nxf5 Qxf5 21. Bc2 Qf6 22. Rad1 e4 23. Ng5 d5 24. f3 Nd6 25. fxe4 dxe4 26. Qe2 Qg6 27. h4 Nf5 28. Bxe4 h6 29. Bxf5 Rxf5 30. Nf3 Re4 31. Rf1 Qe6 32. Rde1 Qxa2 33. Ng5 Rxf1+ 34. Rxf1 Re8 35. Qh5 1-0